| 000 | 00454cam a2200181ua 4500 | ||
|---|---|---|---|
| 001 | 4037 | ||
| 008 | 111213n ii |||gr||||Z||||||asm | ||
| 040 | _cMAIN | ||
| 082 | _a891.4511 | ||
| 100 | 1 | _aSaikia, Nagen, | |
| 245 | 1 | 1 |
_aAdunik asamiya kabita manjari _ced. by Nagen Saikia |
| 250 | _a2nd. | ||
| 260 |
_aGuwahati: _bBani Mandir,987. |
||
| 300 |
_a76p: _c23cm. |
||
| 653 | _aAssamese poem | ||
| 653 | _aAdunik asamiya kabita manjari | ||
| 942 | _cBK | ||
| 999 |
_c3859 _d3859 |
||